000 00911nam0a22002531 4500
001 rc\1033956
005 20041129103100.9
035 _a(NLR Aleph) 006197205
090 _a6228699
_c6228699
100 _a20041129d1981 u |0rusy50 ca
101 0 _arus
102 _aRU
105 _ay |||||||||
200 1 _aОб асимптотических методах исследования волновых решений уравнений в частных производных второго порядка
210 _aКиев
_cИн-т математики
_d1981
215 _a35 с.
_d21
225 1 _aПрепринт
_fАН УССР, Ин-т математики
_v81.32
320 _aБиблиогр.: с. 33-34
700 1 _aХома
_bГ. П.
_gГригорий Петрович
801 0 _aRU
_bNLR
_gpsbo
801 1 _aRU
_bELAR
_2rusmarc
852 _aNLR
_j81-4/25028
942 _cBOOK
980 _aNB